Detalles MARC
| 000 -LIDER |
| fixed length control field |
00836nam a22002537a 4500 |
| 001 - NÚMERO DE CONTROL |
| Identificador de número de control |
000626 |
| 003 - IDENTIFICACDOR DE NÚMERO DE CONTROL |
| control field |
DO-SdBNP |
| 005 - DATE AND TIME OF LATEST TRANSACTION |
| control field |
20180126124607.0 |
| 007 - CAMPOS FIJOS DE DESCRIPCIÓN FÍSICA |
| fixed length control field |
000626 |
| 008 - ELEMENTOS DE LONGITUD FIJA |
| fixed length control field |
161101b 1968 sp a ||||| |||| 00| 0 spa d |
| 040 ## - FUENTE DE CATALOGACIÓN |
| Agencia que crea de manera original el registro |
BPMSU |
| Idioma de catalogación |
spa |
| Agencia que realiza la transcripción |
BPMSU |
| 100 1# - ASIENTO PRINCIPAL -- NOMBRE PERSONAL |
| Nombre personal |
Green, Margaret |
| 245 10 - MENCIÓN DE TITULO |
| Título |
El gran libro de los animales : |
| Subtítulo |
los mejores cuentos de todos los países / |
| Mención de responsabilidad |
ilustrado por Janusz Grabianski ; traducción de María Campuzano. |
| 250 ## - MENCIÓN DE EDICION |
| Mención de edición |
2a ed. |
| 260 ## - PUBLICACIÓN, DISTRIBUCIÓN, ETC. (PIE DE IMPRENTA) |
| Lugar de publicación, distribución, etc |
Barcelona : |
| Nombre del editor, distribuidor, etc. |
Noguer, |
| Fecha de publicación, distribución, etc |
1968. |
| 300 ## - DESCRIPCIÓN FÍSICA |
| Extensión |
236 p. : |
| Otros detalles físicos |
il. ; |
| Dimensiones |
24 cm. |
| 650 ## - ENCABEZAMIENTO DE MATERIA--TEMÁTICO |
| Término temático o nombre geográfico como elemento de entrada |
Animales -- Libros infantiles |
| 650 ## - ENCABEZAMIENTO DE MATERIA--TEMÁTICO |
| Término temático o nombre geográfico como elemento de entrada |
Cuentos infantiles |
| 700 1# - ASIENTO SECUNDARIO -- NOMBRE PERSONAL |
| Nombre personal |
Grabiański, Janusz, |
| Mención de responsabilidad |
il. |
| 700 1# - ASIENTO SECUNDARIO -- NOMBRE PERSONAL |
| Nombre personal |
Campuzano, María, |
| Fechas asociadas con el nombre |
1918-1978. |
| Mención de responsabilidad |
tr. |
| 942 ## - ADDED ENTRY ELEMENTS (KOHA) |
| Source of classification or shelving scheme |
Dewey Decimal Classification |
| Koha item type |
Libros |
| 945 ## - INFORMACIÓN DE PROCESAMIENTO LOCAL |
| Información de procesamiento local |
Inventariado, 2018/MFF |
| 956 ## - LOCAL ELECTRONIC LOCATION AND ACCESS (OCLC) |
| Método de acceso |
LOPEREZ |
| Materiales especificados |
10 |
| Enlace |
20161101 |
| Campo enlazado y núm. de secuencia |
BPMSU |
| Nombre de host |
00041 |